000 00218 a2200109 4500
020 _a9780307349958
041 _aspa
100 _aCarl Hiaasen
245 _aS.O.S La odisea de los dioses
942 _cBK
952 _71
999 _c19137
_d19137